Жизнь Муравьева: Документальная историческая хроника

Λεπτομέρειες βιβλιογραφικής εγγραφής
Κύριος συγγραφέας: Задонский Н. А. Николай Алексеевич
Γλώσσα:Ρωσικά
Έκδοση: Москва, Современник, 1974
Θέματα:
Μορφή: MixedMaterials Βιβλίο
KOHA link:https://koha.lib.tpu.ru/cgi-bin/koha/opac-detail.pl?biblionumber=138891

MARC

LEADER 00000nam0a2200000 4500
001 138891
005 20231101220752.0
035 |a (RuTPU)RU\TPU\book\150472 
090 |a 138891 
100 |a 20080530d1974 m y0rusy5003 ca 
101 0 |a rus 
102 |a RU 
105 |a a z 000ay 
200 1 |a Жизнь Муравьева  |e Документальная историческая хроника  |f Н. А. Задонский 
210 |a Москва  |c Современник  |d 1974 
215 |a 463 с.  |c портр., ил.  |d 20 см 
600 1 |a Муравьев (Карский)  |b Н. Н.  |c российский генерал от инфантерии  |c брат А. Н. и М. Н. Муравьевых  |f 1794-1866  |g Николай Николаевич  |2 stltpush  |3 (RuTPU)RU\TPU\pers\15600  |9 5411 
610 1 |a Россия, 19 в. (х. л.) 
610 1 |a историческая проза 
610 1 |a хроники 
675 |a Р2  |z rus 
700 1 |a Задонский  |b Н. А.  |g Николай Алексеевич  |4 070 
801 0 |a RU  |b RuMRKP  |c 19950704  |g psbo 
801 1 |a RU  |b 63413507  |c 20080530  |g PSBO 
801 2 |a RU  |b 63413507  |c 20080530  |g PSBO 
942 |c BK